[Event "Porto San Giorgio op 23rd"]
[Site "Porto San Giorgio"]
[Date "2011.08.23"]
[Round "4"]
[White "Borino, Paolo"]
[Black "Almadori, Giovanni"]
[Result "1-0"]
[WhiteElo "1917"]
[BlackElo "1660"]
[PlyCount "49"]
[EventDate "2011.08.21"]
[EventType "swiss"]
[EventRounds "9"]
[EventCountry "ITA"]
[SourceTitle "CBM 144 Extra"]
[Source "ChessBase"]
[SourceDate "2011.10.28"]
[SourceVersion "1"]
[SourceVersionDate "2011.10.28"]
[SourceQuality "1"]

1. f4 Nf6 2. Nf3 g6 3. Nc3 Bg7 4. e4 d6 5. d4 c5 6. dxc5 Qa5 7. Bb5+ Bd7 8. Qd3 a6 9. Bxd7+ Nbxd7 10. 0-0 Nxc5 11. Qe2 b5 12. e5 dxe5 13. fxe5 Nfd7 14. Nd5 e6 15. b4 Qd8 16. Bg5 Qb8 17. Nf6+ Kf8 18. bxc5 Nxc5 19. Be3 Bxf6 20. exf6 Nd7 21. Bh6+ Ke8 22. Bg7 Rg8 23. Ng5 h6 24. Nxe6 Qb6+ 25. Nc5+ 1-0

[Event "Campobasso op 18th"]
[Site "Campobasso "]
[Date "2011.07.22"]
[Round "1"]
[White "Gromovs, Sergejs"]
[Black "Borino, Paolo"]
[Result "1-0"]
[WhiteElo "2303"]
[BlackElo "1917"]
[PlyCount "61"]
[EventDate "2011.08.06"]
[EventType "swiss"]
[EventRounds "6"]
[EventCountry "ITA"]
[SourceTitle "EXT 2014"]
[Source "ChessBase"]
[SourceDate "2013.11.20"]
[SourceVersion "1"]
[SourceVersionDate "2013.11.20"]
[SourceQuality "1"]

1. e4 d6 2. d4 Nf6 3. Nc3 c6 4. Bg5 Nbd7 5. f4 Qa5 6. Qd2 e5 7. Nf3 Be7 8. Bd3 0-0 9. 0-0-0 Qc7 10. g4 b5 11. Bxf6 Bxf6 12. g5 Be7 13. f5 exd4 14. Nxd4 b4 15. Nce2 c5 16. f6 Bxf6 17. gxf6 Nxf6 18. Rhg1 g6 19. Qf4 Ne8 20. Nb5 Qc6 21. Bc4 Be6 22. Nxd6 Bxc4 23. Nxc4 Qa4 24. b3 Qxa2 25. Qe5 Rc8 26. Nf4 Nc7 27. Nh5 f6 28. Nxf6+ Rxf6 29. Qxf6 Rf8 30. Rxg6+ hxg6 31. Qxg6+ 1-0

[Event "Bisaccia op 3rd"]
[Site "Bisaccia"]
[Date "2011.06.04"]
[Round "4"]
[White "Borino, Paolo"]
[Black "Franciosi, Claudio"]
[Result "1-0"]
[WhiteElo "1913"]
[BlackElo "1710"]
[PlyCount "73"]
[EventDate "2011.06.08"]
[EventType "swiss"]
[EventRounds "7"]
[EventCountry "ITA"]
[SourceTitle "EXT 2014"]
[Source "ChessBase"]
[SourceDate "2013.11.20"]
[SourceVersion "1"]
[SourceVersionDate "2013.11.20"]
[SourceQuality "1"]

1. f4 Nf6 2. b3 e6 3. Bb2 b6 4. Nf3 Nc6 5. e3 Be7 6. Bd3 Nb4 7. Be2 Bb7 8. 0-0 0-0 9. Nc3 Nbd5 10. Qe1 Nxc3 11. Bxc3 Nd5 12. Bb2 Bf6 13. c3 c5 14. g4 Nb4 15. Qc1 Nd5 16. g5 Be7 17. Qe1 f6 18. h4 e5 19. Qg3 fxg5 20. fxg5 d6 21. h5 Rf5 22. c4 e4 23. Nh2 Rxg5 24. Ng4 Nf6 25. Rf5 Nxh5 26. Qf2 Rxf5 27. Qxf5 Ng3 28. Nh6+ gxh6 29. Qg4+ Bg5 30. Qxg3 Qe7 31. Bg4 Rf8 32. Bh5 d5 33. Be5 Rf5 34. Bd6 Qf6 35. Rd1 Qg7 36. Bg4 Bf6 37. Bxf5 1-0

[Event "Bisaccia op 3rd"]
[Site "Bisaccia"]
[Date "2011.06.03"]
[Round "2"]
[White "Borino, Paolo"]
[Black "Pelyushenko, Vladyslav"]
[Result "1-0"]
[WhiteElo "1913"]
[BlackElo "1800"]
[PlyCount "84"]
[EventDate "2011.06.08"]
[EventType "swiss"]
[EventRounds "7"]
[EventCountry "ITA"]
[SourceTitle "EXT 2014"]
[Source "ChessBase"]
[SourceDate "2013.11.20"]
[SourceVersion "1"]
[SourceVersionDate "2013.11.20"]
[SourceQuality "1"]

1. f4 c5 2. Nf3 Nc6 3. b3 Nf6 4. Bb2 g6 5. e4 d6 6. e5 dxe5 7. fxe5 Nh5 8. e6 f6 9. Bb5 Bxe6 10. Bxc6+ bxc6 11. 0-0 Bg7 12. Re1 Qd7 13. Nc3 0-0 14. Qe2 Kf7 15. Na4 Qd8 16. c4 Qd6 17. Qe3 Bf5 18. Nxc5 e5 19. Nh4 Be6 20. d4 Rfe8 21. dxe5 fxe5 22. Rad1 Qe7 23. Nf3 Bf5 24. Nxe5+ Kg8 25. Bd4 Rad8 26. Nxc6 Qxe3+ 27. Rxe3 Bxd4 28. Rxd4 Rc8 29. Rxe8+ Rxe8 30. Rd8 Rxd8 31. Nxd8 Bb1 32. Nc6 Bxa2 33. Nxa7 Nf4 34. Kf2 Kf7 35. Nb5 Ke7 36. Nc3 Bxb3 37. Nxb3 Nd3+ 38. Ke3 Ne5 39. Kd4 Ng4 40. h3 Nh6 41. Nd5+ Kd6 42. c5+ Kc6 1-0

[Event "Fermo op 1st"]
[Site "Fermo"]
[Date "2010.08.22"]
[Round "1"]
[White "Martinez, Rolly"]
[Black "Borino, Paolo"]
[Result "1-0"]
[WhiteElo "2423"]
[BlackElo "1951"]
[PlyCount "31"]
[EventDate "2010.08.21"]
[EventType "swiss"]
[EventRounds "9"]
[EventCountry "ITA"]
[SourceTitle "CBM 138 Extra"]
[Source "ChessBase"]
[SourceDate "2010.10.29"]
[SourceVersion "1"]
[SourceVersionDate "2010.10.29"]
[SourceQuality "1"]

1. e4 d6 2. d4 Nf6 3. Nc3 c6 4. Nf3 Bg4 5. Be2 Nbd7 6. h3 Bh5 7. Be3 Qa5 8. Nd2 Bg6 9. 0-0 e5 10. a3 Be7 11. f4 exf4 12. Bxf4 Qb6 13. Nc4 Qc7 14. e5 dxe5 15. dxe5 Nd5 16. e6 1-0

[Event "Campobasso op 14th"]
[Site "Campobasso"]
[Date "2007.07.22"]
[Round "6"]
[White "Borino, Paolo"]
[Black "Di Lascio, Savino"]
[Result "0-1"]
[WhiteElo "1968"]
[BlackElo "2014"]
[PlyCount "100"]
[EventDate "2007.07.20"]
[EventType "swiss"]
[EventRounds "6"]
[EventCountry "ITA"]
[SourceTitle "EXT 2009"]
[Source "ChessBase"]
[SourceDate "2008.11.26"]
[SourceVersion "1"]
[SourceVersionDate "2008.11.26"]
[SourceQuality "1"]

1. f4 g6 2. e4 e5 3. Nf3 d6 4. Bc4 Be6 5. Bxe6 fxe6 6. fxe5 dxe5 7. 0-0 Bg7 8. Nc3 Nc6 9. d3 Nd4 10. Ng5 Bf6 11. Nf3 Qe7 12. Be3 0-0-0 13. a4 a6 14. Rb1 Qb4 15. Nd2 Rf8 16. Nc4 Ne7 17. Qd2 Nec6 18. Bh6 Rf7 19. Rf2 b5 20. axb5 axb5 21. Ne3 Qc5 22. Rbf1 b4 23. Na4 Qa7 24. b3 Bg7 25. Bxg7 Rxg7 26. Rf8+ Rxf8 27. Rxf8+ Kb7 28. Kh1 Nb5 29. c4 Nbd4 30. Qa2 Nxb3 31. Nd1 Nba5 32. Ndc3 Qe3 33. Qb1 Rd7 34. Nb5 b3 35. d4 Rd8 36. Rf3 Qe2 37. Nc5+ Kc8 38. Nxe6 Nxd4 39. Nbxd4 exd4 40. Nxd8 Nxc4 41. Rxb3 Kxd8 42. Rb8+ Ke7 43. Qb4+ Nd6 44. Qb1 Nxe4 45. Rb2 Nd2 46. Qg1 c5 47. Ra2 Kd6 48. h3 Kd5 49. Ra1 Ne4 50. Re1 Qf2 0-1

[Event "Campobasso op 14th"]
[Site "Campobasso"]
[Date "2007.07.21"]
[Round "4"]
[White "Borino, Paolo"]
[Black "Merendino, Riccardo"]
[Result "1/2-1/2"]
[WhiteElo "1968"]
[BlackElo "1879"]
[PlyCount "44"]
[EventDate "2007.07.20"]
[EventType "swiss"]
[EventRounds "6"]
[EventCountry "ITA"]
[SourceTitle "EXT 2009"]
[Source "ChessBase"]
[SourceDate "2008.11.26"]
[SourceVersion "1"]
[SourceVersionDate "2008.11.26"]
[SourceQuality "1"]

1. f4 d5 2. Nf3 e6 3. e3 Nf6 4. b3 c5 5. Bb2 Nc6 6. Bb5 Bd7 7. 0-0 a6 8. Bxc6 Bxc6 9. Ne5 Be7 10. Nxc6 bxc6 11. d3 0-0 12. Nd2 Nd7 13. Nf3 Bf6 14. Ne5 Nxe5 15. fxe5 Be7 16. Qg4 Kh8 17. Rf3 f5 18. Qa4 Qb6 19. Raf1 Rad8 20. g4 g6 21. h4 Qb5 22. Qxb5 cxb5 1/2-1/2

[Event "Campobasso op 14th"]
[Site "Campobasso"]
[Date "2007.07.20"]
[Round "2"]
[White "Di Gianni, Rocco"]
[Black "Borino, Paolo"]
[Result "1-0"]
[WhiteElo "2136"]
[BlackElo "1968"]
[PlyCount "49"]
[EventDate "2007.07.20"]
[EventType "swiss"]
[EventRounds "6"]
[EventCountry "ITA"]
[SourceTitle "EXT 2009"]
[Source "ChessBase"]
[SourceDate "2008.11.26"]
[SourceVersion "1"]
[SourceVersionDate "2008.11.26"]
[SourceQuality "1"]

1. e4 d6 2. d4 Nf6 3. Nd2 c6 4. h3 e5 5. Ngf3 Nbd7 6. Be2 Be7 7. 0-0 0-0 8. Re1 Qc7 9. Bf1 b5 10. a4 bxa4 11. Rxa4 Nb6 12. Ra1 Bb7 13. b3 Rfe8 14. Bb2 exd4 15. Nxd4 c5 16. Nb5 Qb8 17. e5 Nfd5 18. exd6 a6 19. dxe7 axb5 20. Qg4 g6 21. Qh4 Rxa1 22. Bxa1 b4 23. Bb5 Nc3 24. Bxc3 bxc3 25. Ne4 1-0

[Event "Campobasso op 13th"]
[Site "Campobasso"]
[Date "2006.07.22"]
[Round "5"]
[White "Bottega, Antonio"]
[Black "Borino, Paolo"]
[Result "1-0"]
[WhiteElo "1967"]
[BlackElo "2001"]
[PlyCount "47"]
[EventDate "2006.07.21"]
[EventType "swiss"]
[EventRounds "6"]
[EventCountry "ITA"]
[SourceTitle "CBM 113 Extra"]
[Source "ChessBase"]
[SourceDate "2006.09.14"]
[SourceVersion "1"]
[SourceVersionDate "2006.09.14"]
[SourceQuality "1"]

1. d4 Nf6 2. Nf3 d5 3. e3 Bg4 4. Be2 Nbd7 5. Nbd2 e6 6. 0-0 Bd6 7. b3 0-0 8. Bb2 c6 9. Ne5 Bxe2 10. Qxe2 Bxe5 11. dxe5 Ne8 12. f4 g6 13. Rf3 Ng7 14. Rh3 h5 15. g4 hxg4 16. Qxg4 c5 17. c4 Nb6 18. Rd1 Qe7 19. Nf3 Rad8 20. Ng5 dxc4 21. Re1 Rd2 22. Ne4 Rxb2 23. Nf6+ Qxf6 24. exf6 1-0

[Event "Campobasso op 13th"]
[Site "Campobasso"]
[Date "2006.07.21"]
[Round "1"]
[White "Borino, Paolo"]
[Black "Gromovs, Sergejs"]
[Result "1/2-1/2"]
[WhiteElo "2001"]
[BlackElo "2296"]
[PlyCount "61"]
[EventDate "2006.07.21"]
[EventType "swiss"]
[EventRounds "6"]
[EventCountry "ITA"]
[SourceTitle "CBM 113 Extra"]
[Source "ChessBase"]
[SourceDate "2006.09.14"]
[SourceVersion "1"]
[SourceVersionDate "2006.09.14"]
[SourceQuality "1"]

1. f4 e5 2. e4 d5 3. exd5 e4 4. d3 Nf6 5. dxe4 Nxe4 6. Qe2 f5 7. Nc3 Be7 8. Nxe4 fxe4 9. Qxe4 0-0 10. Be3 Bc5 11. 0-0-0 Re8 12. Qxe8+ Qxe8 13. Bxc5 Bg4 14. Nf3 Qa4 15. Rd4 Qa5 16. Bb4 Qb6 17. Bc3 Bxf3 18. gxf3 Nd7 19. Bh3 Nf6 20. Be6+ Kh8 21. Rg1 a5 22. f5 Qd6 23. Rh4 Qe7 24. Re4 h6 25. Be5 Ne8 26. Reg4 a4 27. Rg6 Kh7 28. R1g3 Nf6 29. Rh3 Rf8 30. Bf4 Ng8 31. Be5 1/2-1/2

[Event "Campobasso op 13th"]
[Site "Campobasso"]
[Date "2006.07.21"]
[Round "2"]
[White "Ortega, Lexy"]
[Black "Borino, Paolo"]
[Result "1-0"]
[WhiteElo "2435"]
[BlackElo "2001"]
[PlyCount "86"]
[EventDate "2006.07.21"]
[EventType "swiss"]
[EventRounds "6"]
[EventCountry "ITA"]
[SourceTitle "CBM 113 Extra"]
[Source "ChessBase"]
[SourceDate "2006.09.14"]
[SourceVersion "1"]
[SourceVersionDate "2006.09.14"]
[SourceQuality "1"]

1. e4 d6 2. d4 Nf6 3. Nc3 c6 4. h3 Qc7 5. g4 e5 6. Bg2 Be7 7. Nge2 Na6 8. Be3 b5 9. a3 b4 10. axb4 Nxb4 11. Ng3 0-0 12. 0-0 Ba6 13. Re1 Rfe8 14. Qd2 Rad8 15. Nf5 Bf8 16. Bg5 exd4 17. Bxf6 gxf6 18. Nxd4 d5 19. exd5 Rxe1+ 20. Rxe1 cxd5 21. Nf5 Bb7 22. Rd1 Qe5 23. Re1 Qc7 24. Rc1 d4 25. Ne4 Bxe4 26. Bxe4 Qc4 27. Rd1 Re8 28. Ng3 Rd8 29. c3 Nc6 30. Bxc6 Qxc6 31. cxd4 Qc4 32. Qd3 Qb4 33. b3 Rb8 34. Ra1 a5 35. Nf5 Rc8 36. Qa6 Qc3 37. Rf1 Rc6 38. Qa8 Rc8 39. Qb7 Rc7 40. Qa8 Rc8 41. Qg2 Qb4 42. g5 Rc3 43. Qg4 Qxb3 1-0